| 000 | 00583nam a2200205 a 4500 | ||
|---|---|---|---|
| 005 | 20140310183449.0 | ||
| 008 | 070907s19uu xx 00 eng d | ||
| 020 | _a139781564149824 | ||
| 050 |
_aHF 5823 _b.J65 2008 |
||
| 100 | _aJoachim, Jean | ||
| 245 | _a151 quick ideas for advertising on a schoestring. / | ||
| 260 |
_aFranklin Lakes, New Jersey : _bCareer Press, _c2008 |
||
| 300 |
_a151 p. _bill. ; _c21 cm. |
||
| 521 | _aBSBA | ||
| 650 | _aBSBA. | ||
| 650 |
_aAdvertising _xManagement. |
||
| 650 |
_aAdvertising _xEvaluate. |
||
| 942 |
_cBK _2lcc _kFOR |
||
| 999 |
_c23348 _d23348 |
||